KOHA-Header-6

Shanakht (Record no. 12923)

000 -LEADER
fixed length control field 00218nam a22001097a 4500
082 ## - DEWEY DECIMAL CLASSIFICATION NUMBER
Classification number 891.439
100 ## - MAIN ENTRY--AUTHOR NAME
Personal name Dhool, Mushtaq Ahmed
245 ## - TITLE STATEMENT
Title Shanakht
260 ## - PUBLICATION, DISTRIBUTION, ETC. (IMPRINT)
Place of publication Pakistan
Year of publication 2015
300 ## - PHYSICAL DESCRIPTION
Number of Pages 320 pages.
942 ## - ADDED ENTRY ELEMENTS (KOHA)
Koha item type Books
Holdings
Withdrawn status Lost status Collection code Permanent Location Current Location Shelving location Date acquired Full call number Accession Number Koha item type
    Urdu Literature MAJU MAJU   2021-01-12 891.439 9651 Urdu Literature

Powered by Koha